00991nam a2200157 a 4500008004100000020001500041041000800056100002200064245005200086250001100138260004100149300001100190500009400201505052300295655001500818011117e1996 ag |||g |||| 000 1 spa d a9505460961 aspa1 aMenapace, Mamerto aNuestra tierra y nuestra fe /cMamerto Menapace a7a ed. aBuenos Aires:bPatria Grande;c1996. a119 p. aMenapace, M. (1996). Nuestra tierra y nuestra fe. (7a ed.). Buenos Aires : Patria Grande. aDos ideales luchaban por ganar el territorio de mis imàgenes : uno era el de ser misionero e irme tierra adentro. El otro, era partir hacia la gran ciudad para contar allà todas las cosas del campo, sus cuentos , sus canciones ...Hoy reconozco que no se trataba de dos ideales diferentes. Era una misma fidelidad a dos vivencias profundas. Mi tierra y mi fe siempre marcharon enancadas. Creo que a Tata Dios siempre lo comprendì con un alma de campesino . Y a mi tierra siempre la vi desde la òptica de la fe. aLiteratura